Car Make to Model - Click Quiz - Statistics

General Stats
  • This quiz has been taken 70 times
  • The average score is 28 of 68
Answer Stats
Hint Answer % Correct
Mini Cooper
82%
Lamborghini Huracan
79%
Jeep Wrangler
79%
Porsche 911
77%
Tesla Model S
74%
Ford Fiesta
72%
Audi R8
72%
Land Rover Range Rover
72%
BMW i4
67%
Bugatti Veyron
67%
Fiat 500
64%
Honda Accord
64%
Toyota Camry
64%
Ferrari F40
64%
Citroën C3
59%
Mazda Miata
59%
Dodge Viper
59%
Peugeot 3008
56%
Mercedes-Benz G-Wagen
56%
Jaguar F-Pace
54%
Subaru Impreza
54%
Volkswagen Jetta
54%
McLaren P1
54%
Rolls-Royce Phantom
54%
Aston Martin Vantage
54%
Renault Mégane
51%
Lincoln Navigator
49%
Opel Astra
46%
Lotus Elise
46%
Hummer H3
44%
Volvo V60
44%
Hyundai Elantra
41%
Alfa Romeo Giulia
41%
Ram 1500
38%
Bentley Bentayga
38%
Mitsubishi Eclipse
36%
Smart Fortwo
36%
Lexus IS 350
36%
Nissan Sentra
33%
Chevrolet Suburban
33%
Pontiac Aztek
28%
Oldsmobile Cutlass
28%
Lada Niva
28%
Acura TLX
28%
Polestar 2
26%
Saab 9-3
26%
Mercury Cougar
26%
Cadillac Eldorado
26%
Maserati MC20
26%
Chrysler Pacifica
26%
Škoda Slavia
26%
Lucid Air
23%
Suzuki Cappuccino
23%
Kia Forte
23%
Rivian R1T
23%
Buick Riviera
23%
GMC Sierra
23%
Infiniti G37
21%
Genesis GV70
21%
Maybach GLS
18%
Saturn Sky
18%
BYD Seal
13%
Isuzu Trooper
10%
Chery Tiggo
8%
Plymouth Voyager
8%
Geely Starray
5%
Daihatsu Hijet
3%
Changan Lumin
3%
No matching quizzes found
Score Distribution
Percent of People with Each Score
Percentile by Number Answered
Your Score History
You have not taken this quiz